Statistiques concernant Devinez le Département Mystère #28

Cliquez ici pour prendre le quiz!

Statistiques générales

  • Ce quiz a été pris 130 fois
  • Le résultat moyen est 28 sur 37

Statistiques - réponses

Type de RéponseRéponse% Correct
Lettre TrouvéeE
100%
Lettre TrouvéeI
99%
Lettre TrouvéeO
99%
Lettre TrouvéeR
99%
Lettre TrouvéeT
98%
Lettre de l'AlphabetA
97%
Lettre de l'AlphabetN
97%
Lettre de l'AlphabetH
95%
Lettre TrouvéeL
94%
Lettre de l'AlphabetS
94%
Lettre TrouvéeU
94%
Lettre de l'AlphabetC
93%
Lettre de l'AlphabetD
93%
Lettre de l'AlphabetM
87%
Lettre de l'AlphabetB
82%
Lettre de l'AlphabetV
80%
Lettre de l'AlphabetP
76%
Lettre de l'AlphabetG
73%
Lettre de l'AlphabetY
70%
Lettre Bien PlacéeE
69%
Lettre Bien PlacéeR
69%
Lettre Bien PlacéeT
69%
Lettre de l'AlphabetF
66%
Lettre de l'AlphabetJ
62%
Lettre de l'AlphabetQ
61%
Lettre de l'AlphabetZ
61%
Lettre de l'AlphabetX
59%
Lettre Bien PlacéeE
58%
Lettre Bien PlacéeE
58%
Département MystèreEure-et-Loir
58%
Lettre Bien PlacéeI
58%
Lettre de l'AlphabetK
58%
Lettre Bien PlacéeL
58%
Lettre Bien PlacéeO
58%
Lettre Bien PlacéeR
58%
Lettre Bien PlacéeU
58%
Lettre de l'AlphabetW
58%

Distribution des résultats

Percentile par nombre de réponses

% des personnes avec chaque résultat

Votre développement - résultats

Vous n’avez pas pris ce quiz